<The> Polish experience is an encouraging one, says Camdessus.

Výťah z príhovoru M. Camdessusa, ústredného riaditeľa MMF, pred Radou zahraničných vzťahov z marca t.r. Analýza výsledkov reforiem poľského hospodárstva v roku 1990.

Saved in:
Bibliographic Details
Format: Book Chapter
Language:English
Subjects:
Tags: Add Tag
No Tags, Be the first to tag this record!

MARC

LEADER 00000naa a2200000 4500
001 r004040
005 20221213084153.8
041 0 |a eng 
044 |a US 
245 1 0 |a <The> Polish experience is an encouraging one, says Camdessus. 
520 |a Výťah z príhovoru M. Camdessusa, ústredného riaditeľa MMF, pred Radou zahraničných vzťahov z marca t.r. Analýza výsledkov reforiem poľského hospodárstva v roku 1990. 
610 2 0 |a reformy hospodárske 
610 2 0 |a PR 
610 2 0 |a 1990 
610 2 0 |a analýza ekonomická 
610 2 0 |a Medzinárodný menový fond